Szczegóły MARC21

Z logopedią na ty : podręczny słownik logopedyczny /

003 -Nazwa inst., której nr kontr. jest w polu 001 [,]
    • @
    • Nazwa instytucji, której n kontrolny jest w polu 001
    • NUKAT
005 -DATA I CZAS OSTATNIEJ MODYFIKACJI [,]
    • @
    • pole kontrolne
    • 20241231113345.0
020 -Międzynarod. znormalizowany nr książki - ISBN [ , ]
    • a
    • Numer ISBN
    • 8373085475 Find
040 -Instytucja sporządzająca opis [ , ]
    • a
    • Instytucja, która sporządziła opis (NP)
    • TOR U/MS
    • c
    • Instytucja, która sporządziła rekord (NP)
    • TOR U/MS
    • d
    • Instytucja, która zmodyfikowała rekord (P)
    • TOR U/GS
    • d
    • Instytucja, która zmodyfikowała rekord (P)
    • WR U/BBs
942 -Rodzaj dokumentu [ , ]
    • c
    • Rodzaj dokumentu
    • Książka
100 -Hasło główne - nazwa osobowa [1, ]
    • a
    • Nazwa osobowa (NP)
    • Skorek, Ewa Małgorzata.
    • 9
    • KHW
    • 82613
245 -Strefa tytułu i oznaczenia odpowiedzialności [1,0]
    • a
    • Tytuł
    • Z logopedią na ty : Find
    • b
    • Ciąg dalszy tytułu (NP)
    • podręczny słownik logopedyczny / Find
    • c
    • Pozostałe elementy strefy tytułu i oznaczenia odpowiedzialności (NP)
    • Ewa Małgorzata Skorek.
250 -Strefa wydania [ , ]
    • a
    • Oznaczenie wydania (NP)
    • Wyd. 2.
260 -Strefa adresu wydawniczego [ , ]
    • a
    • Miejsce wydania (P)
    • Kraków :
    • b
    • Nazwa wydawcy (P)
    • Oficyna Wydawnicza "Impuls",
    • c
    • Data wydania (P)
    • 2005.
300 -Strefa opisu fizycznego [ , ]
    • a
    • Określenie formy książki i/lub objętość (NP)
    • 202 s. :
    • b
    • Oznaczenie ilustracji (NP)
    • 1 fot., rys. ;
    • c
    • Format (NP)
    • 24 cm.
336 -Typ zawartości [ , ]
    • a
    • Termin opisujący typ zawartości
    • Tekst
    • b
    • Kod określający zawartość
    • txt
    • 2
    • Źródło (terminu i kodu)
    • rdacontent
337 -Typ mediów [ , ]
    • a
    • Tryb odtwarzania
    • Bez urządzenia pośredniczącego
    • b
    • Kod typu mediów
    • n
    • 2
    • Źródło (terminu i kodu)
    • rdamedia
338 -Typ/rodzaj nośnika [ , ]
    • a
    • Hasło opisujące typ nośnika
    • Wolumin
    • b
    • Kod typu nośnika
    • nc
    • 2
    • Źródło (terminu i kodu)
    • rdacarrier
500 -Uwaga ogólna [ , ]
    • a
    • Uwaga ogólna (NP)
    • Wyd. 2. również w 2002 i w 2004 r.
504 -Uwaga dot. bibliogr. załącznikowej [ , ]
    • a
    • Uwaga dot. bibliografii załącznikowej
    • Bibliogr. s. 200-202.
080 -Uniwersalna Klasyfikacja Dziesiętna [ , ]
    • 2
    • Identyfikator wydania tablic
    • UDC-P058
    • a
    • Symbol klasyfikacji
    • 376-056.264
    • b
    • Dopowiedzenie
    • Nauczanie (rewalidacja) osób z zaburzeniami mowy. Pedagogika zaburzeń mowy. Logopedia. Patologopedia. Logoterapia.
    • x
    • Poddział wspólny
    • (03)
    • b
    • Dopowiedzenie
    • (Encyklopedie. Słowniki encyklopedyczne. Wydawnictwa informacyjne).
650 -Hasło przedmiotowe [ ,7]
    • a
    • Hasło przedmiotowe
    • Logopedia
    • v
    • Określnik formalny
    • słowniki.
    • 2
    • Źródło terminu
    • kaba
    • 9
    • KHW
    • 362452
980 -Symbol UKD [ , ]
    • a
    • UKD
    • 376-056.264(03)
710 -Hasło dodatkowe - nazwa ciała zbiorowego [2, ]
    • a
    • Nazwa ciała zbiorowego lub nazwa geograficzna jako pierwszy element (NP)
    • Oficyna Wydawnicza Impuls.
    • 4
    • Kod relacji
    • pbl
    • 9
    • KHW
    • 52864
920 -ISBN [ , ]
    • a
    • ISBN
    • 83-7308-547-5 Find
Uwagi nie widoczne w OPAC Lokalizacja Data inwentaryzacji Status udost. Numer inwentarzowy Sygnatura
podr.-pedagog.specjalna słownikiBG2008-01-031Z.109970Z.109970
 BG2007-09-12-2Pd.18706